Solar Energy (Record no. 15635)

MARC details
000 -LEADER
fixed length control field 00507nam a22001697a 4500
008 - FIXED-LENGTH DATA ELEMENTS--GENERAL INFORMATION
fixed length control field 160210b xxu||||| |||| 00| 0 eng d
020 ## - INTERNATIONAL STANDARD BOOK NUMBER
International Standard Book Number 1420075663
100 ## - MAIN ENTRY--PERSONAL NAME
Personal name Foster, Robert
245 ## - TITLE STATEMENT
Title Solar Energy
Remainder of title Renewable Energy and the Environment
Statement of responsibility, etc. Robert Foster
260 ## - PUBLICATION, DISTRIBUTION, ETC. (IMPRINT)
Place of publication, distribution, etc. USA
Name of publisher, distributor, etc. Taylor & Francis Group
Date of publication, distribution, etc. 2010
300 ## - PHYSICAL DESCRIPTION
Extent xxvii,352p.
Other physical details ill.
650 ## - SUBJECT ADDED ENTRY--TOPICAL TERM
Topical term or geographic name as entry element Solar Energy
650 ## - SUBJECT ADDED ENTRY--TOPICAL TERM
Topical term or geographic name as entry element Renewable energy sources
Form subdivision Environmental aspects
700 ## - ADDED ENTRY--PERSONAL NAME
Personal name Majid Ghassemi
700 ## - ADDED ENTRY--PERSONAL NAME
Personal name Alma Cota
942 ## - ADDED ENTRY ELEMENTS (KOHA)
Source of classification or shelving scheme Library of Congress Classification
Koha item type General Collection
Holdings
Withdrawn status Lost status Source of classification or shelving scheme Not for loan Home library Current library Date acquired Cost, normal purchase price Total Checkouts Full call number Barcode Date last seen Date last checked out Price effective from Koha item type
    Library of Congress Classification   Kabarak, Main Campus Kabarak, Main Campus 10/02/2016 14597.60 4 TJ 810.S65 2009 017280 06/02/2023 24/01/2023 10/02/2016 General Collection
Designed with assistance from East African Informatics Ltd